'80s Rock Songs - Statistics

General Stats
  • This quiz has been taken 180 times
  • The average score is 10 of 26
Answer Stats
Hint Answer % Correct
Here I Go Again Whitesnake
83%
I Wanna Rock Twisted Sister
69%
Run to the Hills Iron Maiden
59%
For Those About to Rock AC/DC
57%
Separate Ways (Worlds Apart) Journey
56%
Juke Box Hero Foreigner
52%
Talk Dirty to Me Poison
52%
Why Can't This Be Love? Van Halen
52%
Rag Doll Aerosmith
49%
Amanda Boston
45%
Nightrain Guns n' Roses
45%
Nobody's Fool Cinderella
42%
You've Got Another Thing Comin' Judas Priest
41%
Bringin' On the Heartbreak Def Leppard
40%
Burnin' For You Blue Oyster Cult
31%
Centerfield John Fogerty
29%
Shadows of the Night Pat Benatar
28%
Cult of Personality Living Colour
27%
Limelight Rush
27%
Sleeping Bag ZZ Top
17%
Everybody Wants You Billy Squier
15%
Run Runaway Slade
15%
One Night Love Affair Bryan Adams
14%
Back Where You Belong 38 Special
10%
Midnight Blue Lou Gramm
10%
Music Time Styx
2%
No matching quizzes found
Score Distribution
Percent of People with Each Score
Percentile by Number Answered
Your Score History
You have not taken this quiz